| 000 | 00765nam a22002657a 4500 | ||
|---|---|---|---|
| 999 |
_c200427925 _d45849 |
||
| 003 | TR-AnTOB | ||
| 005 | 20230907164958.0 | ||
| 008 | 171118b xxu||||| |||| 00| 0 tur d | ||
| 020 | _a9786051850986 | ||
| 040 |
_aTR-AnTOB _beng _cTR-AnTOB _erda |
||
| 041 | _atur | ||
| 050 |
_aPL248.E73 _b.Ö48 2017 |
||
| 090 |
_aPL248.E73 _b.Ö48 2017 |
||
| 100 | 1 |
_aEray, Nazlı _eauthor _994144 |
|
| 245 |
_aÖlüm Limuzini / _cNazlı Eray. |
||
| 250 | _a1. baskı | ||
| 264 |
_aİstanbul : _bEverest Yayınlar; _c2017. |
||
| 300 |
_a204 pages; _c19.5 cm |
||
| 336 |
_2rdacontent _atext _btxt |
||
| 337 |
_2rdamedia _aunmediated _bn |
||
| 338 |
_2rdacarrier _3volume _avolume _bnc |
||
| 650 | 0 |
_aTurkish literature _97783 |
|
| 942 |
_2lcc _cBK |
||